Central Library OPAC University of Rajshahi

Government and politics in the twentieth century / (Record no. 35802)

MARC details
000 -LEADER
fixed length control field 00904nam a2200301I 4500
001 - CONTROL NUMBER
control field 35802
003 - CONTROL NUMBER IDENTIFIER
rucl marc code BD-RjUL
005 - DATE AND TIME OF LATEST TRANSACTION
control field 20211209052400.0
008 - FIXED-LENGTH DATA ELEMENTS--GENERAL INFORMATION
fixed length control field 140609r19671965ii b 000 0 eng
035 ## - SYSTEM CONTROL NUMBER
System control number (BD-RjUL)35897
-- MITb10497118
System control number (OCoLC)00497110
System control number GLIS00497118
System control number (OCoLC)07459145
040 ## - CATALOGING SOURCE
Original cataloging agency DLC
Transcribing agency WSU
Modifying agency BD-RjUL
Language of cataloging eng
041 ## - LANGUAGE CODE
Language code of text/sound track or separate title eng
082 ## - DEWEY DECIMAL CLASSIFICATION NUMBER
Classification number 320
Author mark and year CAG 1967
100 1# - MAIN ENTRY--PERSONAL NAME
Personal name Carter, Gwendolen Margaret
Dates associated with a name 1906-1991.
9 (RLIN) 11764
245 10 - TITLE STATEMENT
Title Government and politics in the twentieth century /
Statement of responsibility, etc. Gwendolen M. Carter and John H. Herz.
250 ## - EDITION STATEMENT
Edition statement Rev. ed.
260 ## - PUBLICATION, DISTRIBUTION, ETC. (IMPRINT)
Place of publication, distribution, etc. New Delhi :
Name of publisher, distributor, etc. Wiley Eastern,
Date of publication, distribution, etc. c1965 [reprint 1967].
300 ## - PHYSICAL DESCRIPTION
Pagination viii, 231 p. ;
Size 22 cm.
504 ## - BIBLIOGRAPHY, ETC. NOTE
Bibliography, etc Includes index.
650 #0 - SUBJECT ADDED ENTRY--TOPICAL TERM
Topical term or geographic name as entry element Political science.
9 (RLIN) 109049
700 1# - ADDED ENTRY--PERSONAL NAME
Personal name Herz, John H.
Dates associated with a name 1908-2005.
942 ## - ADDED ENTRY ELEMENTS (KOHA)
Source of classification or shelving scheme Dewey Decimal Classification
Koha item type Books
Holdings
Lost status Source of classification or shelving scheme Damaged status Not for loan Collection code Permanent Location Current Location Shelving location Date acquired Source of acquisition Total Checkouts Full call number Date last seen Copy number Koha item type
  Dewey Decimal Classification   Not For Loan Non-fiction Central Library, University of Rajshahi Central Library, University of Rajshahi Reading Room 05/07/1976 U.S.I.S Gift   320 CAG 1967 09/06/2014 C-1 Books
  Dewey Decimal Classification     Non-fiction Central Library, University of Rajshahi Central Library, University of Rajshahi   05/07/1976 U.S.I.S Gift   320 CAG 1967 09/06/2014 C-2 Books